İstanbul özürlüler istihdamı araştırma ve geliştirme raporu 2009 / (Record no. 200002511)
[ view plain ]
| 000 -LEADER | |
|---|---|
| fixed length control field | 01076 a2200313 4500 |
| 001 - CONTROL NUMBER | |
| control field | 200002511 |
| 003 - CONTROL NUMBER IDENTIFIER | |
| control field | TR-AnTOB |
| 005 - DATE AND TIME OF LATEST TRANSACTION | |
| control field | 20230824164626.0 |
| 008 - FIXED-LENGTH DATA ELEMENTS--GENERAL INFORMATION | |
| fixed length control field | 110105s2010 tu 000 0 |
| 020 ## - INTERNATIONAL STANDARD BOOK NUMBER | |
| International Standard Book Number | 9789944605991 |
| 040 ## - CATALOGING SOURCE | |
| Original cataloging agency | TR-AnTOB |
| Transcribing agency | TR-AnTOB |
| 041 ## - LANGUAGE CODE | |
| Language code of text/sound track or separate title | Türkçe |
| 050 ## - LIBRARY OF CONGRESS CALL NUMBER | |
| Classification number | HV1559.T9 |
| Item number | I78 2010 |
| 090 ## - LOCALLY ASSIGNED LC-TYPE CALL NUMBER (OCLC); LOCAL CALL NUMBER (RLIN) | |
| Classification number (OCLC) (R) ; Classification number, CALL (RLIN) (NR) | HV1559.T9 I78 2010 |
| 245 00 - TITLE STATEMENT | |
| Title | İstanbul özürlüler istihdamı araştırma ve geliştirme raporu 2009 / |
| Statement of responsibility, etc. | proje koordinatörü ve yardımcıları Mustafa Şen, Mustafa Bügelek, Nuran Köse Çerçi. |
| 264 #1 - PRODUCTION, PUBLICATION, DISTRIBUTION, MANUFACTURE, AND COPYRIGHT NOTICE | |
| Place of production, publication, distribution, manufacture | İstanbul : |
| Name of producer, publisher, distributor, manufacturer | İstanbul Ticaret Odası, |
| Date of production, publication, distribution, manufacture, or copyright notice | 2010. |
| 300 ## - PHYSICAL DESCRIPTION | |
| Extent | 359 s. : |
| Dimensions | 29 cm. |
| 336 ## - CONTENT TYPE | |
| Source | rdacontent |
| Content type term | text |
| Content type code | txt |
| 337 ## - MEDIA TYPE | |
| Source | rdamedia |
| Media type term | unmediated |
| Media type code | n |
| 338 ## - CARRIER TYPE | |
| Source | rdacarrier |
| Carrier type term | volume |
| Carrier type code | nc |
| 490 0# - SERIES STATEMENT | |
| Series statement | İTO ; |
| Volume/sequential designation | 2010-14 |
| 650 #0 - SUBJECT ADDED ENTRY--TOPICAL TERM | |
| Topical term or geographic name entry element | People with disabilities |
| Geographic subdivision | Turkey |
| -- | Istanbul |
| 9 (RLIN) | 71759 |
| Topical term or geographic name entry element | Engelliler |
| General subdivision | İstihdam |
| Geographic subdivision | Türkiye |
| -- | İstanbul |
| 9 (RLIN) | 71764 |
| Topical term or geographic name entry element | Engelliler |
| Geographic subdivision | Türkiye |
| -- | İstanbul |
| 9 (RLIN) | 71760 |
| Topical term or geographic name entry element | Engelliler |
| Geographic subdivision | Türkiye |
| -- | İstanbul |
| General subdivision | Sosyal durum |
| 9 (RLIN) | 71762 |
| 910 ## - USER-OPTION DATA (OCLC) | |
| User-option data | 0035023 |
| 942 ## - ADDED ENTRY ELEMENTS (KOHA) | |
| Koha item type | Book |
| Source of classification or shelving scheme | Library of Congress Classification |
| Withdrawn status | Lost status | Source of classification or shelving scheme | Not for loan | Collection code | Home library | Current library | Shelving location | Date acquired | Source of acquisition | Cost, normal purchase price | Serial Enumeration / chronology | Total Checkouts | Total Holds | Full call number | Barcode | Copy number | Cost, replacement price | Date shelved | Koha item type |
|---|---|---|---|---|---|---|---|---|---|---|---|---|---|---|---|---|---|---|---|
| Ödünç Verilebilir / Available | Genel Koleksiyon | Merkez Kütüphane | Merkez Kütüphane | Genel Koleksiyon / Main Collection | 20/11/2010 | Bağış / Donation | 0.00 | 1 | HV1559.T9 I78 2010 | 0035023 | 2 | 0.01 | 01/11/2010 | Book | |||||
| Ödünç Verilebilir / Available | Genel Koleksiyon | Merkez Kütüphane | Merkez Kütüphane | Genel Koleksiyon / Main Collection | 30/07/2013 | Bağış / Donation | 0.01 | 1 | HV1559.T9 I78 2010 | 0042360 | 1 | 0.01 | Book |
